000 00779nam a2200193Ia 4500
005 20250423095121.0
008 250422s9999 xx 000 0 und d
020 _a978-1-52651-265-9
050 _aKD 1629.6 .S56/
100 _aSingleton, Susan
245 0 _aE-Commerce and Convergence: A Guide to the Law of Digital Media
250 _a5th ed.
260 _aLondon
260 _bBloomsbury Professional
260 _c2021
300 _a295 p
650 _aElectronic commerce--Law and legislation--Great Britain. Digital media--Law and legislation--Great Britain. Data protection--Law and legislation--Great Britain. Electronic commerce--Law and legislation. Digital media--Law and legislation. Data protection--Law and legislation.
942 _cBK
999 _c29289
_d29289